NBA Cup Champions Starters - Statistics

General Stats
  • This quiz has been taken 856 times
    287 since last reset
  • The average score is 11 of 17
Answer Stats
Team Player/Coach % Correct
New York Knicks Jalen Brunson
98%
Los Angeles Lakers LeBron James
98%
Milwaukee Bucks Giannis Antetokounmpo
97%
New York Knicks Karl-Anthony Towns
96%
Los Angeles Lakers Anthony Davis
92%
Milwaukee Bucks Damian Lillard
87%
New York Knicks Josh Hart
82%
New York Knicks Mikal Bridges
80%
Milwaukee Bucks Brook Lopez
76%
New York Knicks OG Anunoby
76%
Los Angeles Lakers D'Angelo Russell
47%
Milwaukee Bucks Doc Rivers
43%
New York Knicks Mike Brown
41%
Los Angeles Lakers/Milwaukee Bucks Darvin Ham
32%
Los Angeles Lakers/Milwaukee Bucks Taurean Prince
21%
Milwaukee Bucks Andre Jackson Jr.
10%
Los Angeles Lakers Cam Reddish
5%
No matching quizzes found
Score Distribution
Percent of People with Each Score
Percentile by Number Answered
Your Score History
You have not taken this quiz since the last reset